000 01005nmm a2200301 a 4500
001 ocm000940644
003 TR-IsHL
005 20201028150044.0
008 150110s2014 tu tur
007 cr cn
020 _a9786055101794
035 _a940644
_b(N$T)
050 0 4 _aPL248.Ö44
_bP46 2014
090 0 4 _aPL248.Ö44
_bP46 2014
100 1 _aÖmer Seyfettin
245 1 0 _aPembe incili kaftan
_h[electronic resource] /
_cÖmer Seyfettin ; hazırlayanlar Faruk Çınar, Raşit Baykal ; editör Selman Kılınç
260 _aİstanbul :
_bÇamlıca Basım Yayın,
_c2014
300 _a145 p.
650 4 _aDil ve Edebiyat
650 4 _aLanguage and Literature
650 0 _aTürk romanı
650 0 _aTurkish fiction
650 7 _aLITERARY COLLECTIONS / Middle Eastern
_2bisacsh
700 1 _aÇınar, Faruk
700 1 _aBaykal, Raşit
700 1 _aKılınç, Selman
856 4 0 _uhttp://search.ebscohost.com/login.aspx?direct=true&scope=site&db=e011xww&AN=940644
999 _c10271
_d10271